000 00448nam a2200181Ia 4500
005 20231208104612.0
008 131103s9999 xx 000 0 und d
020 _a4707796
040 _aLoreto College
041 _aEnglish
082 _bCOL
_a423
245 _aCollins Paperback English Thesaurus
260 _aGlasgow
_bHarper Collins Publishers
_c1986
300 _a709 p.
650 _aEnglish Thesaurus
850 _aLCLIB
942 _cBK
999 _c6912
_d57391